Zoznam smerných orientačných sadzieb priamych nákladov 1994 pre Slovenskú republiku. 2. diel., PSV.
Uložené v:
| Médium: | Kniha |
|---|---|
| Jazyk: | Slovak |
| Vydané: |
Praha :
Ústav racionalizace ve stavebnictví,
1994
|
| Vydanie: | 1. vyd. |
| Témy: | |
| ISBN: |
(brož.) |
| Fyzický popis: |
S. 259-414. |
| Tagy: |
Pridať tag
Žiadne tagy, Buďte prvý kto otaguje tento záznam!
|
Titul je dostupný aj v ... 

MARC
| LEADER | 00000nam a2200000 a 4500 | ||
|---|---|---|---|
| 001 | 000030621 | ||
| 003 | SVKK | ||
| 005 | 19990610000000.0 | ||
| 008 | 950302s1994 cs e sloo | ||
| 020 | |a (brož.) | ||
| 040 | |a SVKKK |b slo |c SVKKK |e AACR2 | ||
| 041 | 0 | |a slo | |
| 044 | |a cs |c CS | ||
| 080 | |a 69(085.7) |2 1997 | ||
| 080 | |a 338.532.414:69 |2 1997 | ||
| 245 | 0 | 0 | |a Zoznam smerných orientačných sadzieb priamych nákladov 1994 pre Slovenskú republiku. |n 2. diel., |p PSV. |
| 246 | 3 | 0 | |a PSV. |
| 250 | |a 1. vyd. | ||
| 260 | |a Praha : |b Ústav racionalizace ve stavebnictví, |c 1994 | ||
| 300 | |a S. 259-414. | ||
| 653 | 0 | |a práce stavebné |2 SVKKKPH | |
| 653 | 0 | |a stavebníctvo |2 SVKKKPH | |
| 653 | 0 | |a cenníky |2 SVKKKPH | |
| 655 | 7 | |a cenníky |2 SVKKKPH | |
| 910 | |a svkkk | ||
| 974 | |a MI |d 19950321 | ||
| 974 | |a PA |d 19950309 | ||
| 974 | |a MI |d 19990610 | ||
| 998 | |a BK | ||
| 090 | |g SCKHL |k Sklad Pribinova 2. posch. |a III.166133 |j 879469 |i 2720406697 |s Absenčne | ||
| 090 | |g SCKHL |k Sklad Pribinova 2. posch. |a III.166134 |j 879470 |i 30621-20 |4 Multiplikát |s Vyradená | ||
| 090 | |g SCKHL |k Sklad Pribinova 2. posch. |a III.166135 |j 879471 |i 30621-30 |4 Multiplikát |s Vyradená | ||